Central Library OPAC University of Rajshahi

Marxian theory and the third world / (Record no. 58721)

MARC details
000 -LEADER
fixed length control field 00702nam a2200241 a 4500
001 - CONTROL NUMBER
control field 58721
003 - CONTROL NUMBER IDENTIFIER
rucl marc code BD-RjUL
005 - DATE AND TIME OF LATEST TRANSACTION
control field 20211209080642.0
008 - FIXED-LENGTH DATA ELEMENTS--GENERAL INFORMATION
fixed length control field 161219s1985 ii ||||| |||| 00| 0 eng d
020 ## - INTERNATIONAL STANDARD BOOK NUMBER
International Standard Book Number 0803994893
International Standard Book Number 0803994907
035 ## - SYSTEM CONTROL NUMBER
System control number (BD-RjUL)58845
040 ## - CATALOGING SOURCE
Original cataloging agency BD-RjUL
Language of cataloging eng
Transcribing agency BD-RjUL
Modifying agency BD-RjUL
041 ## - LANGUAGE CODE
Language code of text/sound track or separate title eng
082 ## - DEWEY DECIMAL CLASSIFICATION NUMBER
Edition number 23
Classification number 335.43091724
Author mark and year MAR 1985
245 ## - TITLE STATEMENT
Title Marxian theory and the third world /
Statement of responsibility, etc. Diptendra Banerjee
260 ## - PUBLICATION, DISTRIBUTION, ETC. (IMPRINT)
Place of publication, distribution, etc. New Delhi : ,
Name of publisher, distributor, etc. Sage Publications,
Date of publication, distribution, etc. c1985
300 ## - PHYSICAL DESCRIPTION
Pagination 325 p. ;
Size 23 cm.
650 ## - SUBJECT ADDED ENTRY--TOPICAL TERM
Topical term or geographic name as entry element Communism
Form subdivision Developing countries.
9 (RLIN) 174552
Topical term or geographic name as entry element Economic policy.
9 (RLIN) 170308
700 ## - ADDED ENTRY--PERSONAL NAME
Personal name Banerjee, Diptendra
942 ## - ADDED ENTRY ELEMENTS (KOHA)
Source of classification or shelving scheme Dewey Decimal Classification
Koha item type Books
Holdings
Lost status Source of classification or shelving scheme Damaged status Not for loan Collection code Permanent Location Current Location Shelving location Date acquired Source of acquisition Cost, normal purchase price Total Checkouts Full call number Date last seen Copy number Koha item type
  Dewey Decimal Classification   Not For Loan Non-fiction Central Library, University of Rajshahi Central Library, University of Rajshahi Reading Room 27/02/1989 Karim int. 195.00   335.43091724 MAR 1985 19/12/2016 C-1 Books